Normal view
MARC view
- MS-MTS-17
Entry Topical Term
001 - CONTROL NUMBER
- control field: 84399
003 - CONTROL NUMBER IDENTIFIER
- control field: NUST
005 - DATE AND TIME OF LATEST TRANSACTION
- control field: 20211117151351.0
008 - FIXED-LENGTH DATA ELEMENTS
- fixed length control field: 211117|| aca||aabn | a|a d
040 ## - CATALOGING SOURCE
- Original cataloging agency: NUST
- Transcribing agency: NUST
150 ## - HEADING--TOPICAL TERM
- Topical term or geographic name entry element: MS-MTS-17
670 ## - SOURCE DATA FOUND
- Source citation: Work cat.: (NUST): Muhammad Abbas 84397, TH-SOF-1891-Design Calculator and Performance Analyzer Software Tool for Step-down Piezoelectric Transformer, 2021.
